Missing Word: Alan Menken Disney Songs Quiz Stats

 Plays Quiz Updated Mar 30, 2019

Score 0/16 Timer 03:00
0 Plays Today
Hint Answer % Correct
Beauty and the BeastBeauty
98.3%
AladdinNew
97.4%
The Little MermaidUnder
96.5%
Beauty and the BeastGuest
96.4%
The Little MermaidGirl
90.1%
PocahontasWind
89.2%
AladdinArabian
88.2%
PocahontasAround
88.2%
Hint Answer % Correct
The Little MermaidPart
85.3%
AladdinAli
78.7%
The Little MermaidUnfortunate
73.2%
AladdinFriend
69.1%
Beauty and the BeastSong
56.7%
Beauty and the BeastSomething
46.8%
PocahontasListen
45.6%
PocahontasVirginia
35%

Today's Daily Dose

Missing Word
Sherlocks

Word Ladder
King of the Hill

Quick Pick
Songs in Pink

Get the Picture
NBA Teammates

You're not logged in!

Compare scores with friends on all Sporcle quizzes.
OR
Log In

Sporcle TV

Today on Sporcle TV


Watch our educational content, quiz creation guides, and fun videos on Sporcle TV.

Show Comments

Extras

Top Quizzes Today


Score Distribution

Your Account Isn't Verified!

In order to create a playlist on Sporcle, you need to verify the email address you used during registration. Go to your Sporcle Settings to finish the process.

Report this User

Report this user for behavior that violates our Community Guidelines.

Details: